000 00839nam a22002777a 4500
001 2048
005 20231103114817.0
020 _a9780140389722
040 _aFISKH
_beng
_cFISKH
_dFISKH
050 _aPZ7.K6797
082 _a808.899
100 _aKline, Suzy
245 _aHorrible harry moves up to third grade
_cPUFFIN CHAPTERS BY SUZY KLINE Pictures by Frank Remkiewicz
260 _aNew York :
_bPuffin Books,
_c1998
300 _a58 pages :
_c19 cm
490 _3Horrible Harry
505 _aJ
520 _aHorrible Harry and friends start off third grade with a new room and a field trip to an old copper mine to study rocks.
521 _a460
_bLexile
521 _aJ
_bRaz-Plus
650 _2Horrible
650 _2Skip grades
650 _2Harry
700 _aRemkiewicz, Frank
_cIllustrator
942 _2ddc
_cBK
_n0
999 _c2048
_d2048